| 000 | 00444nam a2200157Ia 4500 | ||
|---|---|---|---|
| 008 | 210210b2003 xxu||||| |||| 00| 0 eng d | ||
| 020 | _a81 7594 113 8 | ||
| 082 | _a305.4 PRUI | ||
| 100 | _aPRUTHI (Raj Kumar) and Others. | ||
| 245 | _aIndian women: present status and future prospects. | ||
| 260 |
_aJaipur _bMangal Deep Publications _c2003 |
||
| 300 | _aviii,295 | ||
| 650 | _awomen woman | ||
| 690 | _aSocial Structure | ||
| 906 | _a059526 | ||
| 999 |
_c106513 _d106513 |
||